000 01572nam a2200241Ii 4500
008 221202s xx 000 0 und d
100 1 _aVanderwal Taylor, Jolanda,
_eauthor
245 2 _aA Family Occupation
246 _aChildren of the War and the Memory of World War II in Dutch Literature of the 1980s
264 _bAmsterdam University Press
_c2009
300 _a1 online resource (208 pages)
336 _atext
_btxt
_2rdacontent
337 _acomputer
_bc
_2rdamedia
338 _aonline resource
_bcr
_2rdacarrier
520 _aMany of today's Dutch writers were children during World War II. Even today, the traumatic childhood experience of enemy occupation is still central to the work of many of them. This interest cuts across the traditional boundaries between fiction, autobiography and the literature of trauma and recovery. A Family Occupation is the first English-language introduction to Dutch-language texts written by and about the 'Children of the War' and their cultural context. Their themes and literary conventions throw an interesting light on the Dutch approach to issues such as guilt and innocence, memory and narrative, national identity, child abuse and victimhood.
653 _aCulture And Instituten
653 _aDutch And Flemish Literature
653 _aJudaism
653 _aJudaisme
653 _aNederlandse En Vlaamse Literatuur
856 _uhttps://docs.google.com/spreadsheets/d/1yKIrdCPDAG_9c22mwoOIO2DOhtj65Wqa/edit?usp=sharing&ouid=106555315294820607512&rtpof=true&sd=true
_yList of Curated E-Books
942 _cE-BOOK
999 _c91273
_d91270